000 00763nam a2200265Ia 4500
003 OSt
005 20220926023740.0
006 a|||||r|||| 00| 0
007 ta
008 220923b |||||||| |||| 00| 0 eng d
037 _cGeneral Book
040 _aRTL
_cRTL
_beng
041 _2eng
_aeng
082 _aY2, K0;L3
100 _aKenkel William F
_9131979
245 0 _aFamily in perspective
250 _a3
260 _aNY
_bAppleton Century Crofts
_c1973
300 _axiv,523p
_ccm.
490 _aAppleton Century Crofts Sociology Series. Ed. by John F Cuber
500 _aBibliography at the end of each chapter
650 _aFamily Sociology
942 _hY2, K0;L3
_cGB
_2CC
999 _c642251
_d642251